000 00463nam a22001817a 4500
003 CEME
005 20230601111915.0
008 210223b xxu||||| |||| 00| 0 eng d
020 _a0023036141
040 _c.
082 _a004.165 ANT'P
100 _aAntonakos, James L
_942594
245 _aThe Pentium Microprocessor
260 _aNEW JERSCY:
_bPRENTICE HALL,
_c1997.
300 _aXV, 539P
650 _aPentium Microprocessor
_995104
942 _cBK
_2ddc
999 _c580066
_d580066